A Song of Ice and Fire Side Characters - Statistics

General Stats
  • This quiz has been taken 26 times
  • The average score is 8 of 15
Answer Stats
Hint Answer % Correct
Man who gave his life to resurrect Catelyn Stark Beric Dondarrion
86%
Meera and Jojen Reed's mysterious father who is a friend of Ned Stark Howland Reed
77%
One of Daenerys's Queensguard who lets his opponents cut him before killing them Belwas
73%
Tortured bride of Ramsay Bolton who is being passed for Arya Stark Jeyne Poole
73%
Lhazareen witch burned by Daenerys to help birth her dragons Mirri Maz Duur
64%
King in the North who bent the knee to Aegon the Conqueror Torrhen Stark
64%
Renown beauty and sister of a famous knight who took her own life before the start of A Game of Thrones Ashara Dayne
59%
The Free Folk skinchanger who is the POV for the prologue of A Dance with Dragons Varamyr sixskins
55%
Brother of Margaery, Loras, and Garlan Tyrell's older brother Willas Tyrell
55%
Lord Steward of Castle Black who is said to look like a pomegranate Bowen Marsh
50%
Priest of R'hllor who heals Victarion's hand injury Moqorro
45%
The eldest son of Aegon V who refused the throne Duncan Targaryen
36%
The instructor of Aegon/Young Griff who teaches him about the faith of the seven Septa Lemore
36%
Half sister and lover of Brynden Rivers (Bloodraven) Shiera Seastar
36%
Hand of the king who is killed in the trial of seven at the end of The Hedge Knight Baelor "Breakspear" Targaryen
5%
No matching quizzes found
Score Distribution
Percent of People with Each Score
Percentile by Number Answered
Your Score History
You have not taken this quiz